Principles of Environmental Studies/ (Record no. 179897)

MARC details
000 -LEADER
fixed length control field 00682nam a22002057a 4500
005 - DATE AND TIME OF LATEST TRANSACTION
control field 20210715144617.0
010 ## - LCCN (DPL NO)
LC control number ENG-129558
020 ## - INTERNATIONAL STANDARD BOOK NUMBER
International Standard Book Number 978-93-88-30-539-6
Terms of availability 350.00
035 ## - SYSTEM CONTROL NUMBER
System control number EN-113090
037 ## - SOURCE OF ACQUISITION
Source of stock number/acquisition DBAD/PUB
082 ## - DEWEY DECIMAL CLASSIFICATION NUMBER
Classification number 333.7
100 ## - MAIN ENTRY--PERSONAL NAME
Personal name C. Manoharachary
245 ## - TITLE STATEMENT
Title Principles of Environmental Studies/
Statement of responsibility, etc by C. Manoharachary, P. Jayrama Reddy, M. A. Singara Charya
250 ## - EDITION STATEMENT
Edition statement 2nd
260 ## - PUBLICATION, DISTRIBUTION, ETC. (IMPRINT)
Place of publication, distribution, etc Sultan Bazar
Name of publisher, distributor, etc BS Publishers
Date of publication, distribution, etc 2019
270 ## - ADDRESS
Address 4-4-309/316,Giriraj Lane,Sultan Bazar
City Hyderabad
Postal code 500095
Electronic mail address info@bsbbooks.net
Telephone number 040-23445688
300 ## - PHYSICAL DESCRIPTION
Extent 399p
Dimensions 24cm(PB)
700 ## - ADDED ENTRY--PERSONAL NAME
Personal name C. Maoharachary and other
942 ## - ADDED ENTRY ELEMENTS (KOHA)
Source of classification or shelving scheme Dewey Decimal Classification
Item type English Books
Classification part 333.7
Call number suffix MAN
Holdings
Withdrawn status Lost status Not for loan Collection code Home library Current library Date acquired Source of acquisition Cost, normal purchase price Full call number Barcode Copy number Cost, replacement price Koha item type
      Non-fiction Central Library Central Library 15/07/2021 DBAD/PUB 350.00 333.7 MAN EN-113090 1 350.00 English Books

© Delhi Public Library
Hit Counter
free hit counter